If I Were A Boy - Beyoncé - All Lyrics - Statistics

General Stats
  • This quiz has been taken 337 times
  • The average score is 257 of 309
Answer Stats
Answer % Correct
a
100%
boy,
100%
boy
100%
I
100%
If
100%
were
100%
oh)
97%
oh-ooh
97%
be
95%
just
95%
the
95%
for
94%
to
94%
who
94%
and
93%
And
93%
day
93%
it
93%
you
93%
you,
93%
You
93%
girl
92%
go
92%
how
90%
How
90%
when
90%
even
89%
I’d
89%
I'd
89%
then
89%
understand
89%
understand,
89%
would
88%
know
87%
love
87%
man
87%
with
87%
better
86%
'cause
86%
‘Cause
86%
'Cause
86%
in
86%
think
86%
could
85%
feels
85%
her
85%
on
85%
hurts
84%
hurts,
84%
wanted,
84%
wanted
84%
(Wanted)
84%
of
83%
you're
83%
But
82%
guys
82%
listen
82%
girls
81%
me
81%
beer
80%
Drink
80%
after
79%
chase
79%
don't
79%
morning
79%
out
79%
one
76%
what
76%
it's
75%
It's
75%
my
75%
bed
74%
swear
74%
got
73%
had
73%
that
73%
everything
72%
up
72%
come
71%
lose
71%
never
71%
get
70%
granted,
69%
granted
69%
(Granted)
69%
so
69%
destroyed
68%
too
67%
off
64%
put
64%
late
63%
phone
63%
roll
63%
wait
63%
was
63%
back
62%
turn
62%
have
61%
he's
61%
home,
61%
home
61%
like
61%
make
61%
stick
61%
taken
61%
throw
61%
little
60%
mistake,
59%
Say,
59%
thought
58%
care
57%
confronted
57%
they'd
57%
waitin'
57%
as
56%
wrong
56%
(Yeah,
56%
first
55%
myself
55%
alone
54%
forgive
54%
Tell
54%
sleepin'
52%
you've
52%
everyone
51%
broken,
50%
rules
50%
faithful,
48%
she'd
48%
wish
47%
you'll
42%
kick
40%
Someday,
39%
until
27%
No matching quizzes found
Score Distribution
Percent of People with Each Score
Percentile by Number Answered
Your Score History
You have not taken this quiz